000 00548nam a2200217Ia 4500
003 OSt
005 20220924134908.0
006 a|||||r|||| 00| 0
007 ta
008 220923b |||||||| |||| 00| 0 ben d
024 _a287694
037 _cTextual
040 _aARTS
_cARTS
_bben
041 _2ben
_aben
082 _aM2v2,M4, 157H9.2
100 _aBandopadhaya
_9209440
245 0 _aSanbad patre sekaler katha
260 _c1949
942 _hM2v2,M4, 157H9.2
_cTEXL
_2CC
999 _c438968
_d438968